| 000 -LEADER |
| fixed length control field |
01750cam a22003734a 4500 |
| 001 - CONTROL NUMBER |
| control field |
17455728 |
| 005 - DATE AND TIME OF LATEST TRANSACTION |
| control field |
20221011122351.0 |
| 008 - FIXED-LENGTH DATA ELEMENTS--GENERAL INFORMATION |
| fixed length control field |
120907s2013 enk b 001 0 eng |
| 010 ## - LIBRARY OF CONGRESS CONTROL NUMBER |
| LC control number |
2012027014 |
| 020 ## - INTERNATIONAL STANDARD BOOK NUMBER |
| International Standard Book Number |
9781857436365 (hardback) |
| 040 ## - CATALOGING SOURCE |
| Original cataloging agency |
DLC |
| Transcribing agency |
DLC |
| Modifying agency |
DLC |
| 042 ## - AUTHENTICATION CODE |
| Authentication code |
pcc |
| 043 ## - GEOGRAPHIC AREA CODE |
| Geographic area code |
a-cc--- |
| 050 00 - LIBRARY OF CONGRESS CALL NUMBER |
| Classification number |
JQ1510 |
| Item number |
.H364 2013 |
| 082 00 - DEWEY DECIMAL CLASSIFICATION NUMBER |
| Classification number |
320.951 |
| Author Mark |
CHI |
| 084 ## - OTHER CLASSIFICATION NUMBER |
| Classification number |
POL018000 |
| -- |
POL016000 |
| -- |
POL040020 |
| Number source |
bisacsh |
| 245 00 - TITLE STATEMENT |
| Title |
Handbook of China's governance and domestic politics / |
| Statement of responsibility, etc. |
editor, Chris Ogden. |
| 260 ## - PUBLICATION, DISTRIBUTION, ETC. |
| Place of publication, distribution, etc. |
London ; |
| -- |
New York : |
| Name of publisher, distributor, etc. |
Routledge, |
| Date of publication, distribution, etc. |
2013. |
| 300 ## - PHYSICAL DESCRIPTION |
| Extent |
xxi, 326 p. ; |
| Dimensions |
25 cm. |
| 490 0# - SERIES STATEMENT |
| Series statement |
Routledge international handbooks |
| 504 ## - BIBLIOGRAPHY, ETC. NOTE |
| Bibliography, etc. note |
Includes bibliographical references (p. 270-306) and index. |
| 520 ## - SUMMARY, ETC. |
| Summary, etc. |
"Provides an in-depth overview of how China is governed, how its domestic political system functions and the critical issues it faces in the coming decades. Discusses China's transition to a modern state and its rise within the international system"-- |
| Assigning source |
Provided by publisher. |
| 650 #7 - SUBJECT ADDED ENTRY--TOPICAL TERM |
| Topical term or geographic name entry element |
POLITICAL SCIENCE / Reference. |
| Source of heading or term |
bisacsh |
| 9 (RLIN) |
99864 |
| 650 #7 - SUBJECT ADDED ENTRY--TOPICAL TERM |
| Topical term or geographic name entry element |
POLITICAL SCIENCE / Political Process / General. |
| Source of heading or term |
bisacsh |
| 9 (RLIN) |
8165 |
| 650 #7 - SUBJECT ADDED ENTRY--TOPICAL TERM |
| Topical term or geographic name entry element |
POLITICAL SCIENCE / Government / International. |
| Source of heading or term |
bisacsh |
| 9 (RLIN) |
99865 |
| 651 #0 - SUBJECT ADDED ENTRY--GEOGRAPHIC NAME |
| Geographic name |
China |
| General subdivision |
Politics and government. |
| 9 (RLIN) |
99382 |
| 651 #0 - SUBJECT ADDED ENTRY--GEOGRAPHIC NAME |
| Geographic name |
China |
| General subdivision |
Social policy. |
| 9 (RLIN) |
14205 |
| 651 #0 - SUBJECT ADDED ENTRY--GEOGRAPHIC NAME |
| Geographic name |
China |
| General subdivision |
Economic policy. |
| 9 (RLIN) |
14189 |
| 700 1# - ADDED ENTRY--PERSONAL NAME |
| Personal name |
Ogden, Chris |
| Fuller form of name |
(Christopher) |
| 9 (RLIN) |
99866 |
| 856 42 - ELECTRONIC LOCATION AND ACCESS |
| Materials specified |
Cover image |
| Uniform Resource Identifier |
<a href="http://jacketsearch.tandf.co.uk/common/jackets/covers/websmall/978185743/9781857436365.jpg">http://jacketsearch.tandf.co.uk/common/jackets/covers/websmall/978185743/9781857436365.jpg</a> |
| 906 ## - LOCAL DATA ELEMENT F, LDF (RLIN) |
| a |
7 |
| b |
cbc |
| c |
orignew |
| d |
1 |
| e |
ecip |
| f |
20 |
| g |
y-gencatlg |
| 942 ## - ADDED ENTRY ELEMENTS (KOHA) |
| Source of classification or shelving scheme |
|
| Koha item type |
Book |